000 00585 a2200181 4500
003 Nust
005 20230309124047.0
040 _cNust
082 _a358.4,EMM
100 _aEugene M. Emme
_9110065
245 _aThe impact of air power /
_cEugene M. Emme
260 _aNew york
_bD Van Nostrand
300 _axiii,914,p.;
505 _aPart.1 The Nature of Air Power (Page-3), Part.2 The Revolution in Warfare (Page-155), Part.3 Aerospace Policy in National Security and World Politics (Page-509).
600 _aEugene M Emme
_9110066
650 _aAir Power
942 _2ddc
_cBK
999 _c186040
_d186040